[Event "22nd Mikhail Chigorin Memorial"]
[Site "Sochi URS"]
[Date "1988.??.??"]
[Round "?"]
[White "Arnason, Jon Loftur"]
[Black "Olafsson, Helgi"]
[WhiteElo "2590"]
[BlackElo "2525"]
[Result "1/2-1/2"]
[EventDate "1988.09.01"]
[PlyCount "40"]

1. e4 e5 2. Nf3 Nc6 3. Bb5 a6 4. Ba4 Nf6 5. O-O Be7 6. Re1 b5 7. Bb3 O-O 8. c3 d6 9. h3 Na5 10. Bc2 c5 11. d4 Qc7 12. Nbd2 cxd4 13. cxd4 Nc6 14. Nb3 a5 15. Be3 a4 16. Nbd2 Bd7 17. Rc1 Nb4 18. Bb1 Qb8 19. a3 Nc6 20. Qe2 Rc8 1/2-1/2

[Event "22nd Mikhail Chigorin Memorial"]
[Site "Sochi URS"]
[Date "1988.??.??"]
[Round "?"]
[White "Arnason, Jon Loftur"]
[Black "Polugaevsky, Lev"]
[WhiteElo "2590"]
[BlackElo "2590"]
[Result "1/2-1/2"]
[EventDate "1988.09.01"]
[PlyCount "38"]

1. e4 c5 2. Nf3 d6 3. d4 cxd4 4. Nxd4 Nf6 5. Nc3 a6 6. f4 Nbd7 7. Nf3 Qc7 8. a4 e6 9. Bd3 b6 10. O-O Bb7 11. Qe2 Nc5 12. Bd2 Be7 13. Be1 O-O 14. Bh4 Rac8 15. Kh1 d5 16. e5 Nfe4 17. Bxe7 Qxe7 18. Bxe4 Nxe4 19. Nxe4 dxe4 1/2-1/2

[Event "22nd Mikhail Chigorin Memorial"]
[Site "Sochi URS"]
[Date "1988.??.??"]
[Round "?"]
[White "Damljanovic, Branko"]
[Black "Rodriguez Cespedes, Amador"]
[WhiteElo "2565"]
[BlackElo "2550"]
[Result "1/2-1/2"]
[EventDate "1988.09.01"]
[PlyCount "86"]

1. Nf3 Nf6 2. c4 b6 3. d4 e6 4. g3 Ba6 5. Nbd2 Bb4 6. Qa4 c5 7. dxc5 bxc5 8. a3 Bxd2+ 9. Bxd2 O-O 10. Rc1 Ne4 11. Bg2 d5 12. Bf4 Qb6 13. O-O Nc6 14. cxd5 exd5 15. Rfd1 Rad8 16. Bc7 Qxc7 17. Qxa6 c4 18. b4 Rfe8 19. e3 Qb6 20. Qxb6 axb6 21. Nd2 f5 22. Nxe4 fxe4 23. f3 exf3 24. Bxf3 Re5 25. e4 dxe4 26. Rxd8+ Nxd8 27. Be2 b5 28. a4 bxa4 29. Rxc4 Kf8 30. Rc8 Ke7 31. Ra8 Ne6 32. Rxa4 Nd4 33. Kf1 e3 34. b5 Nxb5 35. Bxb5 Rxb5 36. Re4+ Kf6 37. Rxe3 Rb2 38. Kg1 h5 39. h3 Kf5 40. Rf3+ Kg5 41. Rf2 Rxf2 42. Kxf2 Kf5 43. Kf3 g6 1/2-1/2

[Event "22nd Mikhail Chigorin Memorial"]
[Site "Sochi URS"]
[Date "1988.??.??"]
[Round "?"]
[White "Dolmatov, Sergei"]
[Black "Drasko, Milan"]
[WhiteElo "2550"]
[BlackElo "2510"]
[Result "1-0"]
[EventDate "1988.09.01"]
[PlyCount "147"]

1. e4 e6 2. d4 d5 3. Nc3 Nf6 4. Bg5 Be7 5. e5 Nfd7 6. Bxe7 Qxe7 7. f4 O-O 8. Nf3 c5 9. Qd2 Nc6 10. O-O-O a6 11. dxc5 Nxc5 12. Kb1 Bd7 13. Qe3 Rfd8 14. Bd3 Nxd3 15. cxd3 f6 16. Ne2 fxe5 17. Nxe5 Nxe5 18. Qxe5 Qf6 19. Nd4 Qxe5 20. fxe5 Rf8 21. Rhf1 Rac8 22. g3 h6 23. b3 Rf7 24. Rxf7 Kxf7 25. Rc1 Rxc1+ 26. Kxc1 Ke7 27. b4 Be8 28. Kd2 Bf7 29. Ke3 Kd8 30. Ne2 b6 31. Kd4 Be8 32. Nf4 Ke7 33. Kc3 Bb5 34. Ne2 Bd7 35. Kb3 Bb5 36. Nc1 Kd8 37. a4 Be8 38. a5 Kc7 39. Ne2 Bh5 40. Nd4 Bf7 41. h4 g6 42. Kc3 Kb7 43. g4 Kc7 44. g5 hxg5 45. hxg5 Kb7 46. Kb3 Kc7 47. Ka3 Kb7 48. Nb3 Bg8 49. axb6 Kxb6 50. Ka4 Bf7 51. Nc5 Bg8 52. Kb3 Bf7 53. Ka3 a5 54. Kb3 Kc6 55. d4 axb4 56. Kxb4 Kb6 57. Na4+ Kc6 58. Ka5 Kb7 59. Nc5+ Kc7 60. Kb5 Be8+ 61. Ka6 Bf7 62. Ka7 Bg8 63. Nb7 Bf7 64. Nd6 Bg8 65. Ka6 Kc6 66. Ka5 Bh7 67. Nf7 Bg8 68. Nh6 Bh7 69. Ka6 Kc7 70. Kb5 Kb7 71. Kc5 Kc7 72. Nf7 Bg8 73. Nd6 Bh7 74. Ne8+ 1-0

[Event "22nd Mikhail Chigorin Memorial"]
[Site "Sochi URS"]
[Date "1988.??.??"]
[Round "?"]
[White "Dolmatov, Sergei"]
[Black "Watson, William"]
[WhiteElo "2550"]
[BlackElo "2500"]
[Result "1-0"]
[EventDate "1988.09.01"]
[PlyCount "79"]

1. e4 c5 2. Nf3 d6 3. d4 cxd4 4. Nxd4 Nf6 5. Nc3 g6 6. Be3 Bg7 7. f3 O-O 8. Qd2 Nc6 9. g4 Be6 10. O-O-O Nxd4 11. Bxd4 Qa5 12. a3 Rab8 13. h4 b5 14. Nd5 Qxd2+ 15. Rxd2 Bxd5 16. exd5 a5 17. Be2 Nd7 18. Re1 Rfc8 19. b3 b4 20. Bxg7 Kxg7 21. Kb2 Rc5 22. Bf1 Kf8 23. Re4 bxa3+ 24. Kxa3 Rc3 25. Be2 Nc5 26. Rc4 Re3 27. Kb2 a4 28. b4 a3+ 29. Ka2 Nd7 30. b5 Nc5 31. Rb4 Ke8 32. g5 Kd8 33. Bd1 Kc7 34. Re2 Rxe2 35. Bxe2 Ra8 36. b6+ Kb7 37. Bb5 Ra5 38. Bc6+ Kb8 39. Rf4 Na6 40. c3 1-0

[Event "22nd Mikhail Chigorin Memorial"]
[Site "Sochi URS"]
[Date "1988.??.??"]
[Round "?"]
[White "Drasko, Milan"]
[Black "Arnason, Jon Loftur"]
[WhiteElo "2510"]
[BlackElo "2590"]
[Result "0-1"]
[EventDate "1988.09.01"]
[PlyCount "76"]

1. Nf3 Nf6 2. c4 e6 3. Nc3 Bb4 4. Qc2 O-O 5. a3 Bxc3 6. Qxc3 b6 7. b4 Bb7 8. Bb2 d6 9. g3 c5 10. Bg2 Nbd7 11. O-O Rc8 12. d3 d5 13. e3 Rc7 14. Nd2 Qa8 15. cxd5 exd5 16. Bh3 Rd8 17. Rfc1 Rc6 18. Qb3 a5 19. bxa5 Qxa5 20. Bc3 Qa6 21. Bf1 Re6 22. d4 c4 23. Qd1 Bc6 24. Bh3 Ba4 25. Qf3 Ree8 26. Bb4 Nb8 27. Bf5 Bd7 28. Bc2 Nc6 29. Bc3 Bg4 30. Qf4 Ne7 31. Rcb1 Ng6 32. Qc7 Rb8 33. f3 Rb7 34. Qd6 Rxe3 35. Bb4 Re6 36. Qd8+ Re8 37. Qd6 Be6 38. Bc5 c3 0-1

[Event "22nd Mikhail Chigorin Memorial"]
[Site "Sochi URS"]
[Date "1988.??.??"]
[Round "?"]
[White "Drasko, Milan"]
[Black "Dokhoian, Yuri"]
[WhiteElo "2510"]
[BlackElo "2520"]
[Result "1/2-1/2"]
[EventDate "1988.09.01"]
[PlyCount "27"]

1. c4 Nf6 2. Nf3 e6 3. g3 d5 4. b3 c5 5. Bg2 Nc6 6. cxd5 exd5 7. d4 Bg4 8. Ne5 cxd4 9. Nxc6 bxc6 10. Qxd4 Be7 11. Nc3 O-O 12. O-O Qd7 13. e4 Rfd8 14. exd5 1/2-1/2

[Event "22nd Mikhail Chigorin Memorial"]
[Site "Sochi URS"]
[Date "1988.??.??"]
[Round "?"]
[White "Drasko, Milan"]
[Black "Kholmov, Ratmir"]
[WhiteElo "2510"]
[BlackElo "2475"]
[Result "1/2-1/2"]
[EventDate "1988.09.01"]
[PlyCount "48"]

1. Nf3 Nf6 2. c4 e6 3. Nc3 Bb4 4. Qc2 b6 5. e3 Bb7 6. Be2 O-O 7. b3 d5 8. Bb2 Re8 9. O-O Nbd7 10. Rfd1 Ne4 11. d3 Nxc3 12. Bxc3 Bxc3 13. Qxc3 c5 14. cxd5 Bxd5 15. d4 Qe7 16. Ne1 Red8 17. f3 cxd4 18. Rxd4 Rac8 19. Qd2 Nb8 20. Rd1 Nc6 21. Rd3 Nb4 22. Rd4 Nc6 23. Rd3 Nb4 24. Rd4 Nc6 1/2-1/2

[Event "22nd Mikhail Chigorin Memorial"]
[Site "Sochi URS"]
[Date "1988.??.??"]
[Round "?"]
[White "Kholmov, Ratmir"]
[Black "Dokhoian, Yuri"]
[WhiteElo "2475"]
[BlackElo "2520"]
[Result "1/2-1/2"]
[EventDate "1988.09.01"]
[PlyCount "82"]

1. e4 e6 2. d4 d5 3. Nd2 c5 4. Ngf3 Nf6 5. exd5 exd5 6. Bb5+ Bd7 7. Bxd7+ Nbxd7 8. O-O Be7 9. dxc5 Nxc5 10. Nb3 Nce4 11. Be3 O-O 12. Qd3 Qc7 13. c3 a6 14. Nbd4 g6 15. Rad1 Rfe8 16. Ne2 b5 17. Bd4 Bd6 18. Rfe1 Re6 19. Ng3 Rae8 20. Nf1 b4 21. Bxf6 Nxf6 22. Rxe6 fxe6 23. cxb4 Bxb4 24. Qd4 Qe7 25. Ne3 Bc5 26. Qd3 Qa7 27. Rc1 Qb6 28. Rc2 Ne4 29. Nd2 Bxe3 30. Qxe3 Qxe3 31. fxe3 Nxd2 32. Rxd2 Rc8 33. Kf2 Kf7 34. e4 dxe4 35. Ke3 Kf6 36. Kxe4 Rc4+ 37. Kd3 Rg4 38. h3 Rf4 39. Ke3 Rb4 40. b3 a5 41. Rd7 h5 1/2-1/2

[Event "22nd Mikhail Chigorin Memorial"]
[Site "Sochi URS"]
[Date "1988.??.??"]
[Round "?"]
[White "Kholmov, Ratmir"]
[Black "Psakhis, Lev"]
[WhiteElo "2475"]
[BlackElo "2560"]
[Result "1/2-1/2"]
[EventDate "1988.09.01"]
[PlyCount "59"]

1. Nf3 c5 2. c4 Nf6 3. e3 e6 4. Nc3 d5 5. d4 a6 6. cxd5 exd5 7. Be2 Nc6 8. O-O Be7 9. dxc5 Bxc5 10. b3 O-O 11. Bb2 Qd6 12. Rc1 Bg4 13. Nd4 Bxd4 14. Bxg4 Be5 15. g3 d4 16. exd4 Bxd4 17. Bf3 Rad8 18. Bxc6 Qxc6 19. Qc2 Qf3 20. Ne2 Bxb2 21. Qxb2 Ne4 22. Nf4 Rd2 23. Rc2 Rfd8 24. Rxd2 Nxd2 25. Rc1 h6 26. Qc2 Ne4 27. Re1 Nc3 28. h4 b5 29. a3 a5 30. b4 1/2-1/2

[Event "22nd Mikhail Chigorin Memorial"]
[Site "Sochi URS"]
[Date "1988.??.??"]
[Round "?"]
[White "Kholmov, Ratmir"]
[Black "Watson, William"]
[WhiteElo "2475"]
[BlackElo "2500"]
[Result "1/2-1/2"]
[EventDate "1988.09.01"]
[PlyCount "132"]

1. e4 c5 2. Nf3 d6 3. d4 cxd4 4. Nxd4 Nf6 5. Nc3 g6 6. Bc4 Bg7 7. h3 O-O 8. Bb3 a6 9. O-O b5 10. Re1 Bb7 11. Bg5 Nbd7 12. Nd5 Re8 13. c3 Rc8 14. f3 Nxd5 15. Bxd5 Qb6 16. Bxb7 Qxb7 17. Nc2 Nb6 18. Ne3 Nc4 19. Nxc4 bxc4 20. Re2 Rc5 21. Qd2 Rb8 22. Rf1 Rb5 23. Rff2 d5 24. e5 e6 25. g4 Qc7 26. Qf4 Bf8 27. Kh1 R8b7 28. Bh6 Be7 29. h4 Qb8 30. Qh2 Qd8 31. h5 d4 32. hxg6 fxg6 33. cxd4 Qxd4 34. Qf4 Qxf4 35. Bxf4 g5 36. Bc1 Bc5 37. Rf1 Bd4 38. Rc2 Bxb2 39. Bxb2 Rxb2 40. Rxc4 Rxa2 41. Rfc1 Re2 42. Rc8+ Kf7 43. R1c7+ Rxc7 44. Rxc7+ Kg6 45. Rc6 Rxe5 46. Rxa6 Re2 47. Kg1 Kf6 48. Kf1 Rd2 49. Ra5 h6 50. Rb5 Ke7 51. Rb8 Kf6 52. Rb5 Rd5 53. Rb8 Ke5 54. Kf2 Rd2+ 55. Ke3 Rc2 56. Rb5+ Kd6 57. Kd4 Re2 58. Rb7 Re1 59. Rb6+ Ke7 60. Kd3 Kf6 61. Rb5 Kg6 62. Kd2 Rh1 63. Ke3 Rh2 64. Ra5 Kf6 65. Rb5 Rh3 66. Ke4 Rh1 1/2-1/2

[Event "22nd Mikhail Chigorin Memorial"]
[Site "Sochi URS"]
[Date "1988.??.??"]
[Round "?"]
[White "Olafsson, Helgi"]
[Black "Damljanovic, Branko"]
[WhiteElo "2525"]
[BlackElo "2565"]
[Result "1/2-1/2"]
[EventDate "1988.09.01"]
[PlyCount "82"]

1. d4 Nf6 2. c4 g6 3. Nc3 Bg7 4. e4 d6 5. Bd3 Nc6 6. Nge2 O-O 7. O-O e5 8. d5 Nd4 9. Nxd4 exd4 10. Nb5 Re8 11. Re1 Ng4 12. h3 a6 13. hxg4 axb5 14. cxb5 Qh4 15. g3 Qxg4 16. Qxg4 Bxg4 17. Kg2 f5 18. a4 fxe4 19. Rxe4 Rxe4 20. Bxe4 Be2 21. Ra3 d3 22. a5 d2 23. Bxd2 Bxb5 24. b4 Bf6 25. Bd3 Be8 26. b5 Bd4 27. Be3 Bxe3 28. fxe3 Kf8 29. Kf3 Ke7 30. Ke4 h5 31. Kd4 g5 32. Ra1 Bd7 33. a6 bxa6 34. bxa6 Bc8 35. e4 h4 36. gxh4 gxh4 37. e5 dxe5+ 38. Kxe5 h3 39. a7 Bb7 40. Be4 h2 41. Bh1 Kd7 1/2-1/2

[Event "22nd Mikhail Chigorin Memorial"]
[Site "Sochi URS"]
[Date "1988.??.??"]
[Round "?"]
[White "Olafsson, Helgi"]
[Black "Dolmatov, Sergei"]
[WhiteElo "2525"]
[BlackElo "2550"]
[Result "1/2-1/2"]
[EventDate "1988.09.01"]
[PlyCount "31"]

1. d4 e6 2. Nf3 f5 3. g3 Nf6 4. Bg2 d5 5. O-O Bd6 6. c4 c6 7. Bf4 Bxf4 8. gxf4 O-O 9. Nbd2 Qe7 10. Rc1 Bd7 11. Ne5 Be8 12. Qb3 Bh5 13. e3 Kh8 14. Rc3 Na6 15. Qa3 Nb4 16. c5 1/2-1/2

[Event "22nd Mikhail Chigorin Memorial"]
[Site "Sochi URS"]
[Date "1988.??.??"]
[Round "?"]
[White "Olafsson, Helgi"]
[Black "Drasko, Milan"]
[WhiteElo "2525"]
[BlackElo "2510"]
[Result "1/2-1/2"]
[EventDate "1988.09.01"]
[PlyCount "30"]

1. c4 e5 2. g3 c6 3. Bg2 d5 4. cxd5 cxd5 5. Qb3 Nf6 6. Nc3 Nc6 7. Nxd5 Nd4 8. Nxf6+ gxf6 9. Qd1 Qc7 10. Kf1 Be6 11. b3 Nc2 12. Rb1 Na3 13. Ra1 Nc2 14. Rb1 Na3 15. Ra1 Nc2 1/2-1/2

[Event "22nd Mikhail Chigorin Memorial"]
[Site "Sochi URS"]
[Date "1988.??.??"]
[Round "?"]
[White "Olafsson, Helgi"]
[Black "Psakhis, Lev"]
[WhiteElo "2525"]
[BlackElo "2560"]
[Result "1/2-1/2"]
[EventDate "1988.09.01"]
[PlyCount "29"]

1. Nf3 Nf6 2. c4 b6 3. d4 e6 4. g3 Ba6 5. b3 Bb4+ 6. Bd2 Be7 7. Bg2 O-O 8. O-O d5 9. cxd5 exd5 10. Nc3 Bb7 11. Rc1 Na6 12. Ne5 Qc8 13. Bg5 Rd8 14. e3 c5 15. f4 1/2-1/2

[Event "22nd Mikhail Chigorin Memorial"]
[Site "Sochi URS"]
[Date "1988.??.??"]
[Round "?"]
[White "Polugaevsky, Lev"]
[Black "Kholmov, Ratmir"]
[WhiteElo "2590"]
[BlackElo "2475"]
[Result "1/2-1/2"]
[EventDate "1988.09.01"]
[PlyCount "88"]

1. Nf3 Nf6 2. c4 e6 3. Nc3 Bb4 4. Qc2 O-O 5. a3 Bxc3 6. Qxc3 b6 7. b4 Bb7 8. Bb2 d6 9. e3 a5 10. Be2 axb4 11. axb4 Rxa1+ 12. Bxa1 Nbd7 13. O-O Qe7 14. Bb2 Ra8 15. d3 c5 16. Ra1 Rxa1+ 17. Bxa1 Qd8 18. Qa3 Qa8 19. Qxa8+ Bxa8 20. Bc3 Kf8 21. Nd2 h5 22. f4 g6 23. h3 Ke7 24. Kf2 Ne8 25. g3 Nc7 26. e4 e5 27. bxc5 bxc5 28. Nf3 Kf6 29. Bd1 Bc6 30. Nh4 Ne6 31. f5 Nd4 32. Ba5 gxf5 33. Bd8+ Ke6 34. exf5+ Nxf5 35. Nxf5 Kxf5 36. Bxh5 Ke6 37. Bf3 Bxf3 38. Kxf3 f5 39. h4 e4+ 40. dxe4 Ne5+ 41. Kf4 fxe4 42. Kxe4 Nxc4 43. h5 d5+ 44. Kf4 d4 1/2-1/2

[Event "22nd Mikhail Chigorin Memorial"]
[Site "Sochi URS"]
[Date "1988.??.??"]
[Round "?"]
[White "Polugaevsky, Lev"]
[Black "Psakhis, Lev"]
[WhiteElo "2590"]
[BlackElo "2560"]
[Result "0-1"]
[EventDate "1988.09.01"]
[PlyCount "104"]

1. d4 e6 2. c4 Nf6 3. Nf3 c5 4. d5 d6 5. Nc3 exd5 6. cxd5 g6 7. Nd2 Bg7 8. e4 O-O 9. Be2 Na6 10. O-O Nc7 11. a4 b6 12. Nc4 Ba6 13. f3 Rb8 14. Bd2 Bxc4 15. Bxc4 Nd7 16. Rb1 a6 17. Qe2 Qc8 18. f4 Re8 19. e5 dxe5 20. f5 b5 21. axb5 axb5 22. Nxb5 Nxb5 23. Bxb5 e4 24. Be3 Bd4 25. Bc6 Rb4 26. Kh1 Re5 27. fxg6 hxg6 28. Bf4 Rf5 29. g4 Rf6 30. Qxe4 Bxb2 31. Qc2 Rbxf4 32. Rxf4 Rxf4 33. Qxb2 Rb4 34. Qa1 Rxb1+ 35. Qxb1 Ne5 36. Qe4 Nxg4 37. Qf4 Kg7 38. h3 Nf6 39. Kg2 Qa6 40. Qe5 c4 41. Qd4 Qa2+ 42. Kf1 Qb3 43. d6 c3 44. Ba4 Qb1+ 45. Qd1 Qf5+ 46. Kg2 Qe4+ 47. Kf2 Qf4+ 48. Kg2 Qg5+ 49. Kf3 Qe5 50. Qd3 Qh2 51. d7 c2 52. Qxc2 Qxh3+ 0-1

[Event "22nd Mikhail Chigorin Memorial"]
[Site "Sochi URS"]
[Date "1988.??.??"]
[Round "?"]
[White "Polugaevsky, Lev"]
[Black "Rodriguez Cespedes, Amador"]
[WhiteElo "2590"]
[BlackElo "2550"]
[Result "1/2-1/2"]
[EventDate "1988.09.01"]
[PlyCount "60"]

1. d4 Nf6 2. c4 e6 3. Nf3 b6 4. g3 Ba6 5. Nbd2 d5 6. cxd5 exd5 7. Bg2 Be7 8. O-O O-O 9. Ne5 c5 10. b3 Re8 11. Bb2 cxd4 12. Ndf3 Bc5 13. a3 Nbd7 14. Nd3 Ne4 15. b4 Bf8 16. Nxd4 Bc4 17. Nf4 a5 18. b5 Ndc5 19. a4 Qc7 20. Nf5 Rad8 21. Ne3 Nb3 22. Nfxd5 Bxd5 23. Nxd5 Qc4 24. Bxe4 Qxe4 25. Qxb3 Rxd5 26. Rfd1 Rxd1+ 27. Qxd1 Bc5 28. e3 Bxe3 29. fxe3 Qxe3+ 30. Kf1 Qe4 1/2-1/2

[Event "22nd Mikhail Chigorin Memorial"]
[Site "Sochi URS"]
[Date "1988.??.??"]
[Round "?"]
[White "Rodriguez Cespedes, Amador"]
[Black "Arnason, Jon Loftur"]
[WhiteElo "2550"]
[BlackElo "2590"]
[Result "1/2-1/2"]
[EventDate "1988.09.01"]
[PlyCount "60"]

1. e4 c5 2. Nf3 d6 3. d4 cxd4 4. Nxd4 Nf6 5. Nc3 e6 6. Be2 a6 7. f4 Qc7 8. a4 Nc6 9. Be3 Be7 10. O-O O-O 11. Kh1 Re8 12. Bd3 Nb4 13. a5 e5 14. fxe5 dxe5 15. Nf5 Bxf5 16. Rxf5 Qd6 17. Qe2 Nxd3 18. cxd3 Rad8 19. Rd1 Qe6 20. Bg5 Nd5 21. Nxd5 Rxd5 22. Bxe7 Rxe7 23. exd5 Qxf5 24. Qe4 Qd7 25. Rc1 g6 26. Rc5 Qd6 27. Qc4 Kg7 28. h3 h5 29. b3 Kh7 30. Kg1 Rd7 1/2-1/2

[Event "22nd Mikhail Chigorin Memorial"]
[Site "Sochi URS"]
[Date "1988.??.??"]
[Round "?"]
[White "Rodriguez Cespedes, Amador"]
[Black "Dokhoian, Yuri"]
[WhiteElo "2550"]
[BlackElo "2520"]
[Result "1/2-1/2"]
[EventDate "1988.09.01"]
[PlyCount "59"]

1. e4 e6 2. d4 d5 3. Nd2 c5 4. exd5 exd5 5. Ngf3 a6 6. Be2 cxd4 7. O-O Bd6 8. Nb3 Ne7 9. Nbxd4 O-O 10. c3 Nbc6 11. Bd3 h6 12. Bc2 Re8 13. Qd3 Ng6 14. Be3 Bg4 15. h3 Nxd4 16. Nxd4 Qh4 17. Nf5 Bxf5 18. Qxf5 Re5 19. Qf3 Qe7 20. Rad1 Nh4 21. Qf4 h5 22. Qd4 Rd8 23. Rfe1 g6 24. f4 Re6 25. Bf2 Bc7 26. Rxe6 fxe6 27. Re1 Nf5 28. Bxf5 gxf5 29. Qe3 Kf7 30. Qf3 1/2-1/2

[Event "22nd Mikhail Chigorin Memorial"]
[Site "Sochi URS"]
[Date "1988.??.??"]
[Round "?"]
[White "Rodriguez Cespedes, Amador"]
[Black "Dolmatov, Sergei"]
[WhiteElo "2550"]
[BlackElo "2550"]
[Result "0-1"]
[EventDate "1988.09.01"]
[PlyCount "81"]

1. e4 e6 2. d4 d5 3. Nc3 Bb4 4. e5 c5 5. a3 Bxc3+ 6. bxc3 Ne7 7. Qg4 Kf8 8. h4 Qa5 9. Bd2 Qa4 10. Kd1 Nbc6 11. Nf3 h6 12. h5 b6 13. Qf4 cxd4 14. Nxd4 Nxd4 15. cxd4 Ba6 16. Bxa6 Qxa6 17. Bb4 Ke8 18. Kd2 Rc8 19. Rh3 Qa4 20. c3 a5 21. Bxe7 Kxe7 22. Rf3 Rhf8 23. Qg4 b5 24. Qxg7 b4 25. Ke1 b3 26. Kd2 b2 27. Rb1 Qxa3 28. Qf6+ Ke8 29. Qxh6 a4 30. Qh7 Ke7 31. Qc2 Rb8 32. h6 Qa2 33. c4 dxc4 34. h7 Rh8 35. d5 c3+ 36. Qxc3 Qxd5+ 37. Rd3 Qb5 38. Qc7+ Kf8 39. Rd8+ Kg7 40. Rd7 Qb4+ 41. Ke3 0-1

[Event "22nd Mikhail Chigorin Memorial"]
[Site "Sochi URS"]
[Date "1988.??.??"]
[Round "?"]
[White "Rodriguez Cespedes, Amador"]
[Black "Drasko, Milan"]
[WhiteElo "2550"]
[BlackElo "2510"]
[Result "1/2-1/2"]
[EventDate "1988.09.01"]
[PlyCount "87"]

1. e4 e6 2. d4 d5 3. Nc3 Nf6 4. Bg5 Be7 5. e5 Nfd7 6. Bxe7 Qxe7 7. f4 O-O 8. Nf3 c5 9. dxc5 Nc6 10. Bd3 f6 11. exf6 Qxf6 12. g3 Nxc5 13. O-O b6 14. Bb5 Bb7 15. Bxc6 Bxc6 16. Ne5 Rac8 17. Qd4 Be8 18. Rad1 Nd7 19. Rfe1 Nxe5 20. Rxe5 Bg6 21. Qe3 Bf5 22. Rd2 h6 23. Qf2 Rc5 24. Nd1 Be4 25. Qe2 Qg6 26. Qe3 Rxc2 27. Rxc2 Bxc2 28. Rxe6 d4 29. Qe5 Qf5 30. Nf2 Qxe5 31. Rxe5 Bb1 32. a3 Rc8 33. Re2 Bg6 34. Rd2 d3 35. Rd1 Rc2 36. Nxd3 Bxd3 37. Rxd3 Rxb2 38. Rd8+ Kh7 39. Rd7 a5 40. f5 Kg8 41. a4 h5 42. Rb7 Kf8 43. h3 Kg8 44. Kf1 1/2-1/2

[Event "22nd Mikhail Chigorin Memorial"]
[Site "Sochi URS"]
[Date "1988.??.??"]
[Round "?"]
[White "Rodriguez Cespedes, Amador"]
[Black "Olafsson, Helgi"]
[WhiteElo "2550"]
[BlackElo "2525"]
[Result "1/2-1/2"]
[EventDate "1988.09.01"]
[PlyCount "35"]

1. e4 e5 2. Nf3 Nf6 3. d4 Nxe4 4. Bd3 d5 5. Nxe5 Nd7 6. Nxd7 Bxd7 7. O-O Qh4 8. c4 O-O-O 9. c5 g5 10. Nc3 Bg7 11. Ne2 f5 12. f3 Rhf8 13. Qe1 Qxe1 14. Rxe1 Bc6 15. Rd1 f4 16. a4 Nf6 17. b4 Bd7 18. b5 1/2-1/2

[Event "22nd Mikhail Chigorin Memorial"]
[Site "Sochi URS"]
[Date "1988.??.??"]
[Round "?"]
[White "Rodriguez Cespedes, Amador"]
[Black "Smagin, Sergey"]
[WhiteElo "2550"]
[BlackElo "2550"]
[Result "0-1"]
[EventDate "1988.09.01"]
[PlyCount "264"]

1. e4 e5 2. Nf3 Nc6 3. Bb5 a6 4. Ba4 Nf6 5. O-O Be7 6. Re1 b5 7. Bb3 O-O 8. c3 d6 9. h3 Be6 10. d4 Bxb3 11. Qxb3 Qb8 12. Bg5 h6 13. Bh4 Qb6 14. dxe5 dxe5 15. Nbd2 Bc5 16. Nf1 Nh5 17. Qc2 a5 18. N3h2 Ne7 19. Bxe7 Bxe7 20. Ng4 Qe6 21. Qb3 Qxb3 22. axb3 f6 23. g3 Bc5 24. Red1 c6 25. Nfe3 Nxg3 26. fxg3 h5 27. Kg2 hxg4 28. Nxg4 b4 29. Kf3 Rfb8 30. Rab1 Ra7 31. Ke2 a4 32. bxa4 bxc3 33. bxc3 Rxb1 34. Rxb1 Rxa4 35. Kd3 Ra2 36. Kc4 Ba7 37. Rb7 Bg1 38. Rc7 Re2 39. Rxc6 Rxe4+ 40. Kd5 Ra4 41. Ke6 e4 42. Kf5 Ra5+ 43. Kf4 g5+ 44. Kxe4 f5+ 45. Kf3 fxg4+ 46. Kxg4 Kf7 47. Rc4 Bb6 48. h4 gxh4 49. gxh4 Bd8 50. Re4 Bf6 51. c4 Kg6 52. Rf4 Rc5 53. Re4 Be5 54. Kf3 Kh5 55. Rg4 Bf6 56. Kg3 Ra5 57. Re4 Rf5 58. Kh3 Rf3+ 59. Kg2 Rc3 60. Kf2 Bxh4+ 61. Ke2 Bg5 62. Rd4 Kg6 63. Rd6+ Kf5 64. Rd5+ Kg4 65. c5 Bf4 66. c6 Rxc6 67. Kd3 Kf3 68. Rd7 Rc8 69. Kd4 Rc1 70. Rd5 Be3+ 71. Ke5 Rb1 72. Kf5 Rb8 73. Ke5 Rb4 74. Rd1 Rb5+ 75. Ke6 Ke4 76. Re1 Rb6+ 77. Kd7 Kd4 78. Rd1+ Ke5 79. Rf1 Kd5 80. Rf5+ Ke4 81. Rf1 Bd4 82. Ke7 Be5 83. Re1+ Kd5 84. Rf1 Ra6 85. Rd1+ Bd4 86. Kf7 Rf6+ 87. Ke7 Rf3 88. Ke8 Rg3 89. Kf7 Rg7+ 90. Kf8 Rb7 91. Ke8 Rg7 92. Kf8 Rh7 93. Kg8 Rd7 94. Re1 Rb7 95. Rd1 Ke5 96. Kf8 Rh7 97. Rc1 Kf5 98. Rc6 Bf6 99. Ra6 Bd4 100. Ra5+ Be5 101. Ra6 Rb7 102. Rc6 Bd4 103. Ke8 Ke5 104. Rg6 Bc3 105. Rc6 Bd4 106. Rg6 Bc3 107. Kf8 Rc7 108. Rg7 Bb4+ 109. Kg8 Rc8+ 110. Kh7 Kf6 111. Rg6+ Kf5 112. Rg7 Bf8 113. Rf7+ Kg5 114. Ra7 Kf6 115. Ra6+ Kf5 116. Ra7 Bd6 117. Rf7+ Ke6 118. Rg7 Bf8 119. Rg2 Rc7+ 120. Kg8 Be7 121. Re2+ Kf6 122. Rf2+ Kg6 123. Rg2+ Bg5 124. Rf2 Bf6 125. Rg2+ Kf5 126. Ra2 Rd7 127. Re2 Be5 128. Rf2+ Ke6 129. Rf7 Rd1 130. Ra7 Rd8+ 131. Kh7 Kf5 132. Kh6 Rd2 0-1

[Event "22nd Mikhail Chigorin Memorial"]
[Site "Sochi URS"]
[Date "1988.??.??"]
[Round "?"]
[White "Rodriguez Cespedes, Amador"]
[Black "Vaisser, Anatoly"]
[WhiteElo "2550"]
[BlackElo "2530"]
[Result "1/2-1/2"]
[EventDate "1988.09.01"]
[PlyCount "44"]

1. e4 c5 2. Nf3 Nc6 3. d4 cxd4 4. Nxd4 Nf6 5. Nc3 e5 6. Ndb5 d6 7. Bg5 a6 8. Na3 b5 9. Nd5 Be7 10. Bxf6 Bxf6 11. c3 O-O 12. Nc2 Rb8 13. Be2 Bg5 14. O-O a5 15. b4 Be6 16. a4 bxa4 17. Rxa4 axb4 18. Ncxb4 Qd7 19. Ra6 Nxb4 20. cxb4 Bxd5 21. Qxd5 Rxb4 22. Rxd6 Qb7 1/2-1/2

[Event "22nd Mikhail Chigorin Memorial"]
[Site "Sochi URS"]
[Date "1988.??.??"]
[Round "?"]
[White "Smagin, Sergey"]
[Black "Arnason, Jon Loftur"]
[WhiteElo "2550"]
[BlackElo "2590"]
[Result "1-0"]
[EventDate "1988.09.01"]
[PlyCount "84"]

1. e4 c5 2. c3 d6 3. d4 Nf6 4. f3 Nc6 5. Be3 d5 6. e5 Nd7 7. f4 cxd4 8. cxd4 Nb6 9. Nc3 Bf5 10. Nf3 e6 11. Bd3 Bxd3 12. Qxd3 Nc4 13. Bc1 Rc8 14. O-O Qd7 15. b3 Nb6 16. Bd2 Be7 17. Rae1 g6 18. Nd1 Nb4 19. Bxb4 Bxb4 20. Re2 a6 21. a4 h5 22. Rff2 Ke7 23. h3 Rc1 24. g4 Kd8 25. Rc2 Rxc2 26. Rxc2 Nc8 27. Ne3 Ne7 28. Ng5 Nc6 29. f5 gxf5 30. gxf5 Kc8 31. f6 Kb8 32. Rg2 Qc7 33. Nc2 Bf8 34. Qc3 h4 35. b4 Bh6 36. Nf3 Bf4 37. Rg4 Bg3 38. Qc5 Rc8 39. Nxh4 Bxe5 40. dxe5 Qxe5 41. b5 d4 42. Rg5 Qxf6 1-0

[Event "22nd Mikhail Chigorin Memorial"]
[Site "Sochi URS"]
[Date "1988.??.??"]
[Round "?"]
[White "Smagin, Sergey"]
[Black "Damljanovic, Branko"]
[WhiteElo "2550"]
[BlackElo "2565"]
[Result "0-1"]
[EventDate "1988.09.01"]
[PlyCount "81"]

1. e4 c5 2. Nf3 d6 3. d4 cxd4 4. Nxd4 Nf6 5. Nc3 Nc6 6. Be2 e5 7. Nf3 h6 8. O-O Be7 9. Re1 O-O 10. h3 a6 11. Bf1 Qc7 12. a4 Be6 13. Nd5 Bxd5 14. exd5 Nb4 15. c4 a5 16. Bd2 Rfe8 17. Nh4 Qc8 18. Rc1 b6 19. Qf3 e4 20. Qc3 Na2 21. Qd4 Nxc1 22. Bxc1 g5 23. Nf3 exf3 24. Rxe7 Rxe7 25. Qxf6 Re1 26. Qc3 Rxc1 27. Qxc1 fxg2 28. Kxg2 Qe8 29. Bd3 Qe5 30. Qd2 Re8 31. Bc2 Kf8 32. b3 Qe2 33. Qc3 Re5 34. Bd3 Qd1 35. Bc2 Qc1 36. Qd3 Qf4 37. Qd1 Qh4 38. Qf3 Ke7 39. Bd3 h5 40. Bc2 g4 41. hxg4 0-1

[Event "22nd Mikhail Chigorin Memorial"]
[Site "Sochi URS"]
[Date "1988.??.??"]
[Round "?"]
[White "Smagin, Sergey"]
[Black "Dokhoian, Yuri"]
[WhiteElo "2550"]
[BlackElo "2520"]
[Result "1/2-1/2"]
[EventDate "1988.09.01"]
[PlyCount "30"]

1. e4 e6 2. d4 d5 3. Nd2 Nf6 4. e5 Nfd7 5. c3 c5 6. Bd3 Nc6 7. Ngf3 cxd4 8. cxd4 Qb6 9. O-O Nxd4 10. Nxd4 Qxd4 11. Nf3 Qb6 12. Qa4 Qb4 13. Qc2 Qc5 14. Qa4 Qb4 15. Qc2 Qc5 1/2-1/2